| 000 | 00824nam a22002171a 4500 | ||
|---|---|---|---|
| 001 | 37738 | ||
| 003 | BD-RjUL | ||
| 005 | 20211209052638.0 | ||
| 008 | 150425s1965 bg ||||| |||| 00| 0 ben d | ||
| 035 | _a(BD-RjUL) | ||
| 040 |
_aBD-RjUL _beng _cBD-RjUL |
||
| 041 | _aben | ||
| 082 |
_223 _a891.443 _bWAD 1965 |
||
| 100 |
_aওয়ালীউল্লাহ, সৈয়দ _9116624 |
||
| 245 |
_aদুই তীর : _bও অন্যান্য গল্প _cসৈয়দ ওয়ালীউল্লাহ |
||
| 260 |
_aঢাকা : _bনওরোজ কিতাবিস্তান, _c১৯৬৫ |
||
| 300 |
_a১৪৩ পৃ. ; _c২২ সেমি. |
||
| 650 |
_aবাংলা সাহিত্য _vউপন্যাস _9116625 |
||
| 650 |
_aBengali literature _vNovel _9116586 |
||
| 942 |
_2ddc _cBK |
||
| 999 |
_c37738 _d37738 |
||